| 000 | 00484nam a2200193Ia 4500 | ||
|---|---|---|---|
| 008 | 170918s9999 xx 000 0 und d | ||
| 020 | _a9780545065214 | ||
| 050 | _bT365 2004 | ||
| 100 | _aThaler, Mike | ||
| 245 | 4 | _aThe bully from the black lagoon / | |
| 245 | _cby Mike Thaler ; pictures by Jared Lee. | ||
| 260 | _aNew York : | ||
| 260 | _bScholastic, | ||
| 260 | _c2004 | ||
| 300 | _aunpaged : | ||
| 300 | _bcolored illustration ; | ||
| 300 | _c20cm. | ||
| 500 | _a650 | ||
| 999 |
_c342683 _d342683 |
||